Life, writings and correspondence of George Borrow / (Record no. 156636)

MARC details
000 -LEADER
campo de control de longitud fija 01047nam a2200253 i 4500
001 - NÚMERO DE CONTROL
campo de control 156636
003 - IDENTIFICADOR DE NÚMERO DE CONTROL
campo de control ES-MaACL
005 - FECHA Y HORA DE LA ÚLTIMA TRANSACCIÓN
campo de control 20230906210448.0
008 - DATOS DE LONGITUD FIJA--INFORMACIÓN GENERAL
campo de control de longitud fija 891127s1899 xxkabef |||| |beng d
040 ## - FUENTE DE CATALOGACIÓN
Centro catalogador/agencia de origen CAT
Lengua de catalogación spa
Centro/agencia transcriptor CAT
Centro/agencia modificador CCPB
080 ## - NÚMERO DE LA CLASIFICACIÓN DECIMAL UNIVERSAL
Número de la Clasificación Decimal Universal 929 Borrow, George
100 1# - ENTRADA PRINCIPAL--NOMBRE DE PERSONA
Nombre de persona Knapp, William I.
9 (RLIN) 128474
245 10 - MENCIÓN DEL TÍTULO
Título Life, writings and correspondence of George Borrow /
Mención de responsabilidad, etc. by William I. Knapp.
260 ## - PUBLICACIÓN, DISTRIBUCIÓN, ETC.
Lugar de publicación, distribución, etc. London :
Nombre del editor, distribuidor, etc. John Murray ;
Lugar de publicación, distribución, etc. New York :
Nombre del editor, distribuidor, etc. G.P. Putnam's Sons,
Fecha de publicación, distribución, etc. 1899.
300 ## - DESCRIPCIÓN FÍSICA
Extensión 2 v. (XVIII, 402, 6 p., [1] h. pleg., [1] h. de lám. ; VIII, 406 p., [1] h. pleg.) :
Otras características físicas il. ;
Dimensiones 23 cm.
500 ## - NOTA GENERAL
Nota general Índice.
504 ## - NOTA DE BIBLIOGRAFÍA, ETC.
Nota de bibliografía, etc. Referencias bibliográficas.
530 ## - NOTA DISPONIBLE DE FORMULARIO FÍSICO ADICIONAL
Nota de formato físico adicional disponible Disponible en formato digital.
600 14 - PUNTO DE ACCESO ADICIONAL DE MATERIA--NOMBRE DE PERSONA
Nombre de persona Borrow, George Henry (
Fechas asociadas al nombre 1803-1881)
9 (RLIN) 30609
700 1# - ENTRADA AGREGADA--NOMBRE PERSONAL
Nombre de persona Murray, John.
9 (RLIN) 130299
852 ## - LOCALIZACIÓN
Ubicación ES-MaACL
Número de control de estantería F-2283-84
Nota libre - Enc. tela
856 ## - LOCALIZACIÓN Y ACCESO ELECTRÓNICOS
Identificador Uniforme de Recursos <a href="https://archive.org/details/lifewritingsand00knapgoog ">https://archive.org/details/lifewritingsand00knapgoog </a>
Nota pública Internet Archive
-- (V. 1)
856 ## - LOCALIZACIÓN Y ACCESO ELECTRÓNICOS
Identificador Uniforme de Recursos <a href="https://archive.org/details/lifewritingsand00unkngoog ">https://archive.org/details/lifewritingsand00unkngoog </a>
Nota pública Internet Archive
-- (V. 2)
Holdings
Estatus retirado Estado de pérdida Estado de daño No para préstamo Colección Biblioteca de origen Biblioteca actual Ubicación en estantería Fecha de adquisición Fuente de adquisición Total de préstamos Signatura topográfica completa Código de barras Visto por última vez Precio de reemplazo Tipo de ítem Koha
        Colección digital Biblioteca del Ateneo de Madrid Biblioteca del Ateneo de Madrid Depósito 2 17/01/2008     F-2283-2284 1163879 23/02/2023 23/02/2023 Libro impreso antiguo